1002 1774 1637 1788 1517 1635 1570 1015 1202 1019 1635 1071 1591 1619 1012 1481 1191 1915 1582 1459 1719 1601 1836 1354 1355 1300 1892 1509 1900 1067 1591 1928 1804 1611 1544 1485 1164 1551 1703 1037 1279 1047 1710 1654 1684 1523 1270 1057 1292 1459 1738 1097 1029 1902 1553 1791 1277 1002 1395 1598 1377 1353 1571 1721 1078 1699 1124 1719 1445 1887 1560 1830 1516 1825 1488 1991 1544 1513 1755 1977 1414 1650 1471 1693 1989 1914 1257 1385 1575 1685 1633 1930 1019 1291 1676 1607 1943 1628 1625 BCNSPRNW ULIB Ver.6.0+V

เปลี่ยนเป็นภาษาไทย

Change to English
 แสดงรายละเอียดบรรณานุกรม
  กลับหน้าหลัก

Brief Record : Get Marc (ISO 2709) : E-mail record : QR code < ปิดหน้าต่าง
LEADER : 00000nam 2200000uu 4500
001    13399113516
003     ULIB
008    110627s2550||||th 000 0 tha d
020    9789747519174
090    นว.^bก385ด 2550
100 0  กัณทิรา
245 00 เดิมพันหัวใจ/^cกัณทิรา
250    พิมพ์ครั้งที่ 1
260    กรุงเทพฯ :^bSugar Beat,^c2550
300    331 หน้า
710 1  Sugar Beat
945    ^p230^l0^i022037
995    ทศพร
999 ^a ใช้งานได้ทุกระบบ
รายการนี้ยังไม่มีแท็ก
คุณยังไม่ได้ล็อกอิน คุณสามารถมีกิจกรรมร่วมกับเว็บไซต์ได้ แต่ต้องล็อกอินก่อน ::
  ล็อกอิน

รายการสื่อสารสนเทศ

ลำดับที่ ประเภท เลขเรียก/บาร์โค้ด สถานที่ สถานะ
1. นวนิยาย
นวนิยาย
นว. ก385ด 2550 ฉ.1 
  Barcode: 022037
ห้องสมุดวิทยาเขตสวรรค์ประชารักษ์
►นวนิยาย
บนชั้น
  ขอยืม

BibComment


ยังไม่เคยถูกคอมเมนท์

คอมเมนท์ทรัพยากรรายการนี้
  คอมเมนท์: เดิมพันหัวใจ กัณท..


 Copyright 2026. Bcnsprnw @Library